Największe miasta Europy pod względem ludności - Statystyki

Ogólne statystyki
  • Ten quiz został rozwiązany 471 razy
  • Średni wynik to 13 z 16
Statystyki odpowiedzi
l.p. Odpowiedź % Poprawnych
2 Moskwa
98%
3 Londyn
97%
14 Warszawa
97%
9 Paryż
95%
5 Berlin
94%
6 Madryt
94%
8 Rzym
92%
7 Kijów
87%
1 Stambuł
82%
16 Barcelona
79%
15 Budapeszt
74%
11 Bukareszt
73%
12 Wiedeń
70%
4 Petersburg
69%
10 Mińsk
66%
13 Hamburg
53%
Nie znaleziono quizów pasujących do podanych kryteriów
Rozkład punktacji
Procent ludzi z każdym wynikiem
Percentyl według liczby udzielonych odpowiedzi
Twoja historia wyników
Nie rozwiązałeś tego quizu